[Event "Provence-ch access Vitrolles 9394"]
[Site "France"]
[Date "1993.??.??"]
[Round "1"]
[White "Herbomez, A."]
[Black "Roger, Patrick"]
[Result "1/2-1/2"]
[WhiteElo "1860"]
[BlackElo "1750"]
[PlyCount "75"]
[EventDate "1993.??.??"]
[EventType "tourn"]
[EventRounds "9"]
[EventCountry "FRA"]
[SourceTitle "EXT 2005"]
[Source "ChessBase"]
[SourceDate "2004.11.15"]
[SourceVersion "1"]
[SourceVersionDate "2004.11.15"]
[SourceQuality "1"]

1. e4 e6 2. d4 d5 3. Nd2 c5 4. Ngf3 Nc6 5. Bb5 Bd6 6. e5 Bb8 7. dxc5 Nge7 8. 0-0 0-0 9. Re1 Ng6 10. Bxc6 bxc6 11. Nb3 f6 12. exf6 gxf6 13. Nbd4 Bd7 14. b4 e5 15. Ne2 f5 16. Bb2 a5 17. a3 axb4 18. axb4 Rxa1 19. Bxa1 e4 20. Qd4 Qe7 21. Ng3 f4 22. Nf1 Bg4 23. N1d2 Bxf3 24. Nxf3 Rf5 25. Nh4 Nxh4 26. Qh8+ Kf7 27. Qxh7+ Ke6 28. Qg8+ Qf7 29. Qxb8 Rg5 30. Qc8+ Ke7 31. Qc7+ Ke8 32. Qc8+ Ke7 33. Qc7+ Ke6 34. Qc8+ Qd7 35. Qxd7+ Kxd7 36. Kh1 Nxg2 37. Rd1 f3 38. c4 1/2-1/2

[Event "Provence-ch Majeur op 9293"]
[Site "France"]
[Date "1992.??.??"]
[Round "4"]
[White "Anton, Jose"]
[Black "Herbomez, A."]
[Result "0-1"]
[WhiteElo "1840"]
[BlackElo "1790"]
[PlyCount "56"]
[EventDate "1992.??.??"]
[EventType "swiss"]
[EventRounds "9"]
[EventCountry "FRA"]
[SourceTitle "EXT 2005"]
[Source "ChessBase"]
[SourceDate "2004.11.15"]
[SourceVersion "1"]
[SourceVersionDate "2004.11.15"]
[SourceQuality "1"]

1. e4 e5 2. d4 exd4 3. c3 d5 4. exd5 Qxd5 5. cxd4 Nc6 6. Nf3 Bg4 7. Nc3 Bb4 8. Be2 Bxf3 9. Bxf3 Qc4 10. Be3 Bxc3+ 11. bxc3 Qxc3+ 12. Kf1 Qc4+ 13. Be2 Qd5 14. Rc1 Nge7 15. Bc4 Qf5 16. g4 Qe4 17. Rg1 0-0 18. Bd3 Qe6 19. Qc2 g6 20. Qb2 Nd5 21. Bh6 Rfe8 22. Bc4 Rad8 23. Rg3 Qf6 24. Rd1 g5 25. Bxd5 Rxd5 26. Rh3 b6 27. Rh5 Qf3 28. Kg1 Qxd1+ 0-1

[Event "Provence-ch Majeur op 9293"]
[Site "France"]
[Date "1992.??.??"]
[Round "9"]
[White "Roger, Patrick"]
[Black "Herbomez, A."]
[Result "1/2-1/2"]
[WhiteElo "1780"]
[BlackElo "1790"]
[PlyCount "41"]
[EventDate "1992.??.??"]
[EventType "swiss"]
[EventRounds "9"]
[EventCountry "FRA"]
[SourceTitle "EXT 2005"]
[Source "ChessBase"]
[SourceDate "2004.11.15"]
[SourceVersion "1"]
[SourceVersionDate "2004.11.15"]
[SourceQuality "1"]

1. e4 e5 2. Nf3 Nc6 3. Bc4 Be7 4. d4 exd4 5. Nxd4 d6 6. 0-0 Nf6 7. Nc3 0-0 8. h3 Nxd4 9. Qxd4 Be6 10. Be3 Bxc4 11. Qxc4 c6 12. Rad1 Qa5 13. b4 Qh5 14. b5 Rfc8 15. Qb3 Nd7 16. a4 Nc5 17. Bxc5 Qxc5 18. Rd3 a6 19. Rf3 Bf6 20. b6 a5 21. Ne2 1/2-1/2

[Event "Provence-chA"]
[Site "Provence"]
[Date "1990.??.??"]
[Round "6"]
[White "Bestagno, B."]
[Black "Herbomez, A."]
[Result "1-0"]
[WhiteElo "2200"]
[BlackElo "1800"]
[PlyCount "61"]
[EventDate "1990.??.??"]
[EventType "swiss"]
[EventRounds "7"]
[EventCountry "FRA"]
[SourceTitle "EXT 2005"]
[Source "ChessBase"]
[SourceDate "2004.11.15"]
[SourceVersion "1"]
[SourceVersionDate "2004.11.15"]
[SourceQuality "1"]

1. e4 e5 2. f4 Bc5 3. Nf3 d6 4. Nc3 Nf6 5. Bc4 Nc6 6. d3 Bg4 7. Na4 Bb6 8. Nxb6 axb6 9. c3 0-0 10. 0-0 d5 11. exd5 Nxd5 12. h3 Bxf3 13. Qxf3 Nxf4 14. Bxf4 exf4 15. Qxf4 Qd7 16. d4 Ra5 17. Rf3 Rh5 18. Raf1 Nd8 19. Rg3 Kh8 20. Re3 Rh6 21. Rfe1 Rf6 22. Qg3 Qc6 23. Bd3 Ne6 24. Qh4 Rh6 25. Qe7 Kg8 26. Rf3 Qd5 27. b3 Qh5 28. Bc4 Ng5 29. Rfe3 Rg6 30. Kh2 Qh4 31. Qxf8+ 1-0

[Event "Uzes op"]
[Site "Uzes"]
[Date "1989.??.??"]
[Round "4"]
[White "Bacis, Jean Francois"]
[Black "Herbomez, A."]
[Result "1-0"]
[WhiteElo "2150"]
[BlackElo "1880"]
[PlyCount "89"]
[EventDate "1989.??.??"]
[EventType "swiss"]
[EventRounds "9"]
[EventCountry "FRA"]
[SourceTitle "EXT 1997"]
[Source "ChessBase"]
[SourceDate "1996.11.15"]
[SourceVersion "1"]
[SourceVersionDate "1996.11.15"]
[SourceQuality "1"]

1. e4 e5 2. d4 exd4 3. Nf3 Nf6 4. e5 Ne4 5. Qxd4 d5 6. exd6 Nxd6 7. Bg5 f6 8. Bf4 Nc6 9. Qd2 Bg4 10. Be2 Qd7 11. 0-0 0-0-0 12. Nc3 g5 13. Bg3 h5 14. h4 gxh4 15. Nxh4 Bh6 16. Bf4 Bxe2 17. Nxe2 Qg4 18. Bxh6 Nf5 19. Qf4 Nxh4 20. Qxg4+ hxg4 21. Bg7 Rh7 22. Bxf6 Rd2 23. Ng3 Rxc2 24. Rad1 Ng6 25. Rfe1 b6 26. Rc1 Rxc1 27. Rxc1 Kb7 28. Rc4 Rf7 29. Bc3 Nge5 30. Re4 Nd3 31. Nh1 Nf4 32. g3 Nd5 33. Rxg4 Nxc3 34. bxc3 Ne5 35. Re4 Nf3+ 36. Kg2 Nd2 37. Re2 Nb1 38. Re3 Nd2 39. f4 Nc4 40. Re2 Rd7 41. Nf2 a5 42. g4 b5 43. g5 b4 44. cxb4 axb4 45. Re4 1-0

[Event "Uzes op"]
[Site "Uzes"]
[Date "1989.??.??"]
[Round "2"]
[White "Ladisic, Alex Sacha"]
[Black "Herbomez, A."]
[Result "0-1"]
[WhiteElo "2240"]
[BlackElo "1880"]
[PlyCount "32"]
[EventDate "1989.??.??"]
[EventType "swiss"]
[EventRounds "9"]
[EventCountry "FRA"]
[SourceTitle "EXT 1997"]
[Source "ChessBase"]
[SourceDate "1996.11.15"]
[SourceVersion "1"]
[SourceVersionDate "1996.11.15"]
[SourceQuality "1"]

1. e4 e5 2. Nf3 Nf6 3. d4 Nxe4 4. dxe5 d5 5. exd6 Bxd6 6. Bd3 Nc5 7. Be2 Bg4 8. Bg5 Qd7 9. Nc3 Nc6 10. Qd2 h6 11. Bf4 0-0-0 12. Nb5 Bxf4 13. Qxf4 Rhe8 14. Nc3 g5 15. Qc4 Bxf3 16. gxf3 Ne5 0-1